000 01078nam a2200265 i 4500
001 117219
003 ES-MaACL
005 20250403163246.0
007 t|
008 070301s1950 sp r ||||1| spa d
100 1 _aPastor y Santos, E.
_989531
245 1 0 _aTerritorios de soberanía española en Oceanía /
_cE. Pastor y Santos.
260 _aMadrid :
_bInstituto de Estudios Africanos,
_c1950.
300 _a151 p., [14] p. de lám., [4] h. pleg. de mapas ;
_c24 cm.
504 _aBibliografía: p. [137]-151.
510 _aCCPB,
_c001018953-X
651 4 _aOceanía-
_xHistoria.
_9166023
651 4 _aEspaña-
_xColonias-
_zOceanía.
_9172157
710 2 _aInstituto de Estudios Africanos.
_94881
852 _aES-MaACL
_jD-6505
_9121593
_bR. 30073
_bR.M. 6096
_cSVI
_fSello en tinta azul de la Biblioteca del Ateneo de Madrid
_zEn cubierta: "11. ENE. "
_zEn cubierta: "DONATIVO"
942 _2udc
_cMONOGRAFIA
999 _c117219
_d117219